[Event "FICGS class D 000254 email"]
[Site "FICGS email"]
[Date "2019.04.21"]
[Round "1"]
[White "Kuliy, Oleksandr"]
[Black "Sharma, Vivek"]
[Result "1-0"]
[WhiteElo "1728"]
[BlackElo "1471"]
[PlyCount "31"]
[EventDate "2019.??.??"]
[EventType "tourn (corr)"]
[EventRounds "6"]
[SourceTitle "Corr 2022"]
[Source "ChessBase"]
[SourceDate "2021.10.24"]
[SourceVersion "1"]
[SourceVersionDate "2021.10.24"]
[SourceQuality "1"]

1. d4 d5 2. Nf3 Nf6 3. Bf4 Nc6 4. e3 Bf5 5. c3 e6 6. Nbd2 Bd6 7. Be2 0-0 8. Ne5 a5 9. g4 Bg6 10. h4 Bxe5 11. dxe5 Ne4 12. h5 Bf5 13. gxf5 exf5 14. Rg1 Nxd2 15. Qxd2 Re8 16. Bg5 1-0

[Event "FICGS class D 000254 email"]
[Site "FICGS email"]
[Date "2019.04.21"]
[Round "1"]
[White "Sharma, Vivek"]
[Black "Guralivu, Paul"]
[Result "0-1"]
[WhiteElo "1471"]
[BlackElo "1656"]
[PlyCount "28"]
[EventDate "2019.??.??"]
[EventType "tourn (corr)"]
[EventRounds "6"]
[SourceTitle "Corr 2022"]
[Source "ChessBase"]
[SourceDate "2021.10.24"]
[SourceVersion "1"]
[SourceVersionDate "2021.10.24"]
[SourceQuality "1"]

1. e4 c5 2. Nf3 d6 3. d4 cxd4 4. Nxd4 Nf6 5. Bd3 g6 6. 0-0 Bg7 7. Be3 0-0 8. Nc3 Ng4 9. Be2 Nxe3 10. fxe3 Nc6 11. Qd3 Bd7 12. Nxc6 bxc6 13. b4 a5 14. bxa5 Qxa5 0-1

[Event "FICGS rapid D 000123 email"]
[Site "FICGS email"]
[Date "2019.04.15"]
[Round "1"]
[White "Klawitter, Bernd"]
[Black "Sharma, Vivek"]
[Result "1-0"]
[WhiteElo "1533"]
[BlackElo "1471"]
[PlyCount "29"]
[EventDate "2019.??.??"]
[EventType "tourn (rapid)"]
[EventRounds "5"]
[SourceTitle "Corr 2022"]
[Source "ChessBase"]
[SourceDate "2021.10.24"]
[SourceVersion "1"]
[SourceVersionDate "2021.10.24"]
[SourceQuality "1"]

1. e4 e5 2. Nf3 Nc6 3. Bb5 d5 4. Bxc6+ bxc6 5. Nxe5 Nf6 6. Nxc6 Qd6 7. e5 Qxc6 8. exf6 gxf6 9. d3 Bg7 10. 0-0 0-0 11. c3 Bf5 12. Bf4 a5 13. a4 d4 14. c4 Rfe8 15. Na3 1-0

[Event "FICGS no engines 00 email"]
[Site "FICGS email"]
[Date "2019.04.01"]
[Round "1"]
[White "Sharma, Vivek"]
[Black "Barbosa, Edinardo"]
[Result "0-1"]
[WhiteElo "1471"]
[BlackElo "1843"]
[PlyCount "30"]
[EventDate "2019.??.??"]
[EventType "swiss (corr)"]
[EventRounds "1"]
[SourceTitle "Corr 2022"]
[Source "ChessBase"]
[SourceDate "2021.10.24"]
[SourceVersion "1"]
[SourceVersionDate "2021.10.24"]
[SourceQuality "1"]

1. e4 c5 2. d4 cxd4 3. Qxd4 Nc6 4. Qa4 Nf6 5. Be3 e6 6. Bd3 Qa5+ 7. Qxa5 Nxa5 8. Nf3 Be7 9. 0-0 0-0 10. Nc3 b6 11. b4 Bxb4 12. Nb5 Bb7 13. a3 Be7 14. c4 Nxe4 15. Bxe4 Bxe4 0-1

[Event "FICGS no engines 00 email"]
[Site "FICGS email"]
[Date "2019.04.01"]
[Round "1"]
[White "Sharma, Vivek"]
[Black "Horoshilov, Andrey"]
[Result "0-1"]
[WhiteElo "1471"]
[BlackElo "1626"]
[PlyCount "24"]
[EventDate "2019.??.??"]
[EventType "swiss (corr)"]
[EventRounds "1"]
[SourceTitle "Corr 2022"]
[Source "ChessBase"]
[SourceDate "2021.10.24"]
[SourceVersion "1"]
[SourceVersionDate "2021.10.24"]
[SourceQuality "1"]

1. e4 c6 2. d4 d5 3. f3 e6 4. Bd3 Qb6 5. Ne2 dxe4 6. Bxe4 Nf6 7. 0-0 Be7 8. c3 Nxe4 9. fxe4 0-0 10. b4 a5 11. Be3 axb4 12. cxb4 Bxb4 0-1

[Event "FICGS class E 000220 email"]
[Site "FICGS email"]
[Date "2019.03.12"]
[Round "1"]
[White "Sharma, Vivek"]
[Black "Hadden, John"]
[Result "0-1"]
[WhiteElo "1471"]
[BlackElo "1291"]
[PlyCount "32"]
[EventDate "2019.??.??"]
[EventType "tourn (corr)"]
[EventRounds "5"]
[SourceTitle "Corr 2022"]
[Source "ChessBase"]
[SourceDate "2021.10.24"]
[SourceVersion "1"]
[SourceVersionDate "2021.10.24"]
[SourceQuality "1"]

1. e4 e5 2. f4 exf4 3. Nf3 Nc6 4. Bd3 d6 5. 0-0 Be6 6. c4 Be7 7. b4 Nxb4 8. Be2 Nf6 9. Nc3 0-0 10. Bb2 a6 11. d4 a5 12. a3 Na6 13. Qd2 c5 14. Qxf4 Nc7 15. d5 Bd7 16. Nb5 Nxb5 0-1

[Event "FICGS class D 000253 email"]
[Site "FICGS email"]
[Date "2019.03.05"]
[Round "1"]
[White "Guralivu, Paul"]
[Black "Sharma, Vivek"]
[Result "1-0"]
[WhiteElo "1656"]
[BlackElo "1471"]
[PlyCount "57"]
[EventDate "2019.??.??"]
[EventType "tourn (corr)"]
[EventRounds "6"]
[SourceTitle "Corr 2022"]
[Source "ChessBase"]
[SourceDate "2021.10.24"]
[SourceVersion "1"]
[SourceVersionDate "2021.10.24"]
[SourceQuality "1"]

1. c4 d5 2. d4 c6 3. Nc3 dxc4 4. e4 c5 5. Nf3 cxd4 6. Qxd4 Qxd4 7. Nxd4 e5 8. Ndb5 Bc5 9. Nc7+ Kd8 10. Nxa8 Nc6 11. Bxc4 Nge7 12. Bxf7 Bd7 13. Bg5 Rf8 14. Bd5 Bxf2+ 15. Ke2 Bd4 16. Raf1 Rxf1 17. Rxf1 Bxc3 18. bxc3 h6 19. Bxc6 Bxc6 20. Bxe7+ Kxe7 21. Kd3 b5 22. Nc7 g5 23. Nd5+ Kd7 24. Rf7+ Kd6 25. Rxa7 Bxd5 26. exd5 Kxd5 27. Rh7 e4+ 28. Ke3 b4 29. cxb4 1-0

[Event "FICGS class D 000253 email"]
[Site "FICGS email"]
[Date "2019.03.05"]
[Round "1"]
[White "Hilton, Stephen"]
[Black "Sharma, Vivek"]
[Result "1-0"]
[WhiteElo "1713"]
[BlackElo "1471"]
[PlyCount "49"]
[EventDate "2019.??.??"]
[EventType "tourn (corr)"]
[EventRounds "6"]
[SourceTitle "Corr 2022"]
[Source "ChessBase"]
[SourceDate "2021.10.24"]
[SourceVersion "1"]
[SourceVersionDate "2021.10.24"]
[SourceQuality "1"]

1. d4 d5 2. Nf3 Nc6 3. Bf4 Bf5 4. c3 e6 5. e3 Qe7 6. Nbd2 g6 7. Be2 0-0-0 8. b4 Nf6 9. Ne5 Nxe5 10. dxe5 Ne4 11. Nxe4 Bxe4 12. f3 Bg7 13. fxe4 dxe4 14. Qa4 Kb8 15. 0-0 g5 16. Bg3 f6 17. c4 f5 18. Rad1 Rd7 19. Rxd7 Qe8 20. Rfd1 Qg6 21. c5 Qe8 22. c6 bxc6 23. Qxc6 f4 24. Qxc7+ Ka8 25. Qxa7# 1-0

[Event "FICGS theme 0002 email"]
[Site "FICGS email"]
[Date "2019.03.02"]
[Round "1"]
[White "Pech, Jaroslav Sr"]
[Black "Sharma, Vivek"]
[Result "1-0"]
[WhiteElo "1709"]
[BlackElo "1471"]
[PlyCount "25"]
[EventDate "2019.??.??"]
[EventType "swiss (corr)"]
[EventRounds "1"]
[SourceTitle "Corr 2022"]
[Source "ChessBase"]
[SourceDate "2021.10.24"]
[SourceVersion "1"]
[SourceVersionDate "2021.10.24"]
[SourceQuality "1"]

1. e4 e5 2. Nf3 Nf6 3. Nxe5 d6 4. Nd3 Be7 5. Nc3 0-0 6. Nf4 b6 7. d4 c5 8. d5 b5 9. Bxb5 Bd7 10. a4 a6 11. Be2 Qa5 12. Bd2 Qb6 13. 0-0 1-0

[Event "FICGS rapid C 000185 email"]
[Site "FICGS email"]
[Date "2018.09.13"]
[Round "1"]
[White "Vestenicky, Patrik"]
[Black "Sharma, Vivek"]
[Result "1-0"]
[WhiteElo "1647"]
[BlackElo "1588"]
[PlyCount "41"]
[EventDate "2018.??.??"]
[EventType "tourn (rapid)"]
[EventRounds "4"]
[SourceTitle "Corr 2022"]
[Source "ChessBase"]
[SourceDate "2021.10.24"]
[SourceVersion "1"]
[SourceVersionDate "2021.10.24"]
[SourceQuality "1"]

1. e4 e5 2. d4 Nc6 3. d5 Nce7 4. Nf3 d6 5. c4 Nf6 6. Bd3 Ng6 7. Nc3 Be7 8. 0-0 0-0 9. h3 h6 10. Be3 b6 11. Bc2 c5 12. dxc6 a6 13. Nd5 b5 14. c7 Qe8 15. Nb6 Ra7 16. Nxc8 Rxc7 17. Nxd6 Qc6 18. c5 Bxd6 19. cxd6 Rd7 20. Rc1 Rxd6 21. Bb1 1-0

[Event "FICGS class D 000248 email"]
[Site "FICGS email"]
[Date "2018.09.09"]
[Round "1"]
[White "Vestenicky, Patrik"]
[Black "Sharma, Vivek"]
[Result "1-0"]
[WhiteElo "1647"]
[BlackElo "1588"]
[PlyCount "57"]
[EventDate "2018.??.??"]
[EventType "tourn (corr)"]
[EventRounds "6"]
[SourceTitle "Corr 2022"]
[Source "ChessBase"]
[SourceDate "2021.10.24"]
[SourceVersion "1"]
[SourceVersionDate "2021.10.24"]
[SourceQuality "1"]

1. e4 e5 2. Nf3 Nc6 3. Bb5 Nf6 4. d3 Be7 5. Bxc6 dxc6 6. Nxe5 0-0 7. 0-0 Bd6 8. Nf3 Bg4 9. h3 Bh5 10. Be3 Qe7 11. Nbd2 c5 12. g4 Bg6 13. Nc4 b5 14. Nxd6 cxd6 15. Bg5 b4 16. Nd2 h6 17. Bh4 Bh7 18. f4 a5 19. Nc4 Qa7 20. Bxf6 gxf6 21. Qe1 Rfe8 22. Nxd6 c4+ 23. Qf2 Red8 24. Nxc4 Rd4 25. Nxa5 Rad8 26. Nc6 Qd7 27. Nxd4 Qxd4 28. Qxd4 Rxd4 29. Kf2 1-0

[Event "FICGS no engines 00 email"]
[Site "FICGS email"]
[Date "2018.08.13"]
[Round "1"]
[White "Sharma, Vivek"]
[Black "Goldmund, Heike"]
[Result "1-0"]
[WhiteElo "1609"]
[BlackElo "1271"]
[PlyCount "105"]
[EventDate "2018.??.??"]
[EventType "swiss (corr)"]
[EventRounds "1"]
[SourceTitle "Corr 2022"]
[Source "ChessBase"]
[SourceDate "2021.10.24"]
[SourceVersion "1"]
[SourceVersionDate "2021.10.24"]
[SourceQuality "1"]

1. e4 d5 2. exd5 Qxd5 3. Nc3 Qa5 4. d4 Nf6 5. Bb5+ c6 6. Bc4 Bg4 7. Nf3 e6 8. Bd2 Qc7 9. h3 Bf5 10. g4 Bg6 11. Ne5 Bd6 12. Bf4 Nbd7 13. Nxg6 hxg6 14. Be3 Nb6 15. Qe2 Nxc4 16. Qxc4 0-0-0 17. 0-0-0 Bf4 18. Kb1 Bxe3 19. fxe3 Nd5 20. Nxd5 cxd5 21. Qxc7+ Kxc7 22. c3 f5 23. g5 Kd6 24. Kc2 b5 25. b4 a6 26. Kb3 Rc8 27. Rc1 Rh4 28. Kc2 Rch8 29. a4 R8h5 30. axb5 axb5 31. Ra1 Rxg5 32. Ra5 Kc6 33. Ra6+ Kb7 34. Rxe6 Rg3 35. Re5 Kc6 36. Ra1 Rhxh3 37. Ra6+ Kb7 38. Rae6 f4 39. Rxd5 g5 40. Rxb5+ Kc7 41. d5 Kd7 42. Rb7+ Kd8 43. d6 f3 44. d7 Rh2+ 45. Kd3 Rh8 46. Ra6 Rgh3 47. Ke4 f2 48. Ra1 Rf8 49. Rb8+ Ke7 50. Rxf8 Kxf8 51. d8Q+ Kf7 52. Qd7+ Kg6 53. Qxh3 1-0